Training Seminars for Specifiers & Techical Applications (1993 May 5:INSPEN)
| Format: | Book |
|---|
MARC
| LEADER | 00000cam a2200000 7i4500 | ||
|---|---|---|---|
| 001 | 0000006662 | ||
| 005 | 20000210.0 | ||
| 040 | |a INS | ||
| 090 | 0 | 0 | |a S82 |
| 245 | 0 | 0 | |a Training Seminars for Specifiers & Techical Applications (1993 May 5:INSPEN) |
| 999 | |a S000000164 |b BOOK |c Seminar |e Default branch | ||